| 000 | 01540nam0a22003371 4500 | ||
|---|---|---|---|
| 001 | rc\4119836 | ||
| 005 | 20250611100639.0 | ||
| 021 |
_aRU _b[48-29238] |
||
| 035 | _a(NLR Aleph) 008151613 | ||
| 090 |
_a7780277 _c7780277 |
||
| 100 | _a20130415d1948 |||y0rusy50 ca | ||
| 101 | 0 | _arus | |
| 102 | _aRU | ||
| 105 | _aa z ||||| | ||
| 200 | 1 |
_aОпределитель насекомых Европейской части СССР _fПод ред. С.П. Тарбинского и Н.Н. Плавильщикова |
|
| 210 |
_aМосква _aЛенинград _cСельхозгиз _d1948 _gТип. "Печ. двор" в Л. [и др.] |
||
| 215 |
_a1128 с. _cил. _d26 |
||
| 300 | _aНа обороте тит. л. сост.: А.И. Аргиропуло, К.В. Арнольди, Г.Я. Бей-Биенко [и др.] | ||
| 320 | _aУказатель терминов и Указатель рус. и лат. названий: с. 1096-1127 | ||
| 320 | _aБиблиогр. в тексте | ||
| 606 |
_aНасекомые _yЕвропейская часть СССР _jОпределители _2psbo |
||
| 702 | 1 |
_aАргиропуло _bА.И. _gАнатолий Иванович _4220 |
|
| 702 | 1 |
_aАрнольди _bК.В. _4220 |
|
| 702 | 1 |
_aПлавильщиков _bН.Н. _4340 |
|
| 702 | 1 |
_aТарбинский _bС.П. _gСергей Петрович _4340 |
|
| 702 | 1 |
_aБей-Биенко _bГ.Я. _4220 |
|
| 801 | 0 |
_aRU _bNLR _gpsbo |
|
| 801 | 1 |
_aRU _bELAR _2rusmarc |
|
| 852 |
_aNLR _jЗ02 Г-7/41 |
||
| 942 | _cBOOK | ||
| 980 | _aNB | ||